00459 2200193 4500001002100000005001500021035002000036007000300056008004100059020001800100082001000118100001100128245002400139250000600163260003200169300003100201084001600232990001700248INLIS00000000000004420230223094918 a0010-0223000011ta230223 b 0 ind  a979-8399-00-5 a959.80 aRudini1 aNusa Tenggara Barat a- aJakarta :bIntermasa,c1992 a391 :bilus. ;c23,5 cme- a959.8 RUD n a00002/R/1995